| 000 | 00388nam a2200169Ia 4500 | ||
|---|---|---|---|
| 001 | 27119 | ||
| 003 | IN-NITTTR | ||
| 005 | 20251114233339.0 | ||
| 008 | 251113s9999||||xx |||||||||||||| ||eng|| | ||
| 040 | _beng | ||
| 040 | _cIN-NITTTR | ||
| 041 | _aeng | ||
| 082 | _a155.9042 A81S | ||
| 100 | _aAgrawal, Rita | ||
| 245 | 0 |
_aStress in life and at work / _cAgrawal, Rita |
|
| 942 |
_2ddc _cBK |
||
| 999 |
_c29747 _d29747 |
||